Países de Africa - ¡Muerte súbita! - Estadísticas

Estadísticas generales
  • Esta prueba ha sido intentada 855 veces
  • La puntuación promedio es 15 de 24
Answers on the Grid
Answers color-coded by a green-red scale on the quiz's grid according to % correct below.
Togo
Tanzania
Burundi
Nigeria
Cabo Verde
Namibia
Zambia
Camerún
Comoras
Eritrea
Yibuti
Madagascar
Uganda
Sudán
Mauricio
Somalia
Liberia
Marruecos
Santo Tomé y
Príncipe
Lesoto
Esuatini
Libia
Guinea-Bissau
Malaui
Kalahari
Laos
Zanzíbar
Bolivia
Palestina
Costa de Oro
Sudán del Norte
Kigali
Mayotte
Belice
Ceuta
Yemen
 
Estadísticas de respuestas
Respuesta % Correcto
Nigeria
71%
Marruecos
69%
Somalia
69%
Madagascar
68%
Cabo Verde
67%
Camerún
66%
Sudán
66%
Zambia
66%
Eritrea
65%
Tanzania
65%
Namibia
64%
Uganda
64%
Togo
63%
Guinea-Bissau
62%
Liberia
62%
Libia
62%
Burundi
61%
Lesoto
61%
Yibuti
60%
Esuatini
58%
Malaui
58%
Mauricio
58%
Comoras
55%
Santo Tomé y
Príncipe
52%
No se encontraron pruebas coincidentes
Distribución de puntuación
Porcentaje de gente con cada puntuación
Porcentaje por número respondido
Historial de tus puntuaciones
No has intentado esta prueba.